[Event "Stay Safe Play From Home 243"]
[Site "Emanuel Lasker Arena"]
[Date "2020.06.21"]
[Round "2"]
[White "Dave_H"]
[Black "Dukic"]
[Result "1-0"]
[WhiteElo "1827"]
[BlackElo "1749"]
[Annotator "NA RC"]
[PlyCount "77"]
[EventDate "2020.06.21"]
[EventType "swiss (blitz)"]
[WhiteTeam "SK Vellmar"]

{Halt, David (2088)} 1. e4 {[%emt 0:00:03]} e6 {[%emt 0:00:00]} 2. d4 {[%emt 0:00:05]} d5 {[%emt 0:00:01]} 3. Nd2 {[%emt 0:00:01]} Nf6 {[%emt 0:00:02]} 4. e5 {[%emt 0:00:01]} Nfd7 {[%emt 0:00:03]} 5. Bd3 {[%emt 0:00:02]} c5 {[%emt 0:00:02]} 6. c3 {[%emt 0:00:01]} Nc6 {[%emt 0:00:01]} 7. Ne2 {[%emt 0:00:02]} a6 {[%emt 0:00:04]} 8. f4 {[%emt 0:00:09]} g6 {[%emt 0:00:02]} 9. Nf3 {[%emt 0:00:02]} b5 {[%emt 0:00:03]} 10. O-O {[%emt 0:00:03]} c4 {[%emt 0:00:08]} 11. Bb1 {[%emt 0:00:04]} b4 {[%emt 0:00:01]} 12. Bd2 {[%emt 0:00:04]} a5 {[%emt 0:00:01]} 13. Kh1 {[%emt 0:00:05] Dave_H reconnected.} a4 {[%emt 0:00:14]} 14. cxb4 {[%emt 0:00:04]} Nxb4 {[%emt 0:00:17]} 15. a3 {[%emt 0:00:04]} Nc6 {[%emt 0:00:06]} 16. Bc2 {[%emt 0:00:11]} Nb6 {[%emt 0:00:11]} 17. Qe1 {[%emt 0:00:20]} Bd7 {[%emt 0:00:19]} 18. Qg3 {[%emt 0:00:02]} Be7 {[%emt 0:00:02]} 19. Ng5 {[%emt 0:00:07]} Na7 {[%emt 0:00:10]} 20. Bb4 {[%emt 0:00:07]} Bxb4 {[%emt 0:00:09]} 21. axb4 {[%emt 0:00:00]} Nb5 {[%emt 0:00:02]} 22. h4 {[%emt 0:00:10]} Qe7 {[%emt 0:00:07]} 23. h5 {[%emt 0:00:03]} Qxb4 {[%emt 0:00:10]} 24. Nxf7 {[%emt 0:00:34]} Kxf7 {[%emt 0:00:02]} 25. hxg6+ {[%emt 0:00:05]} hxg6+ {[%emt 0:00:02]} 26. Kg1 {[%emt 0:00:02]} Rh6 {[%emt 0:00:08]} 27. Qg5 {[%emt 0:00:04]} Kg7 {[%emt 0:00:31]} 28. f5 {[%emt 0:00:04]} exf5 {[%emt 0:00:03]} 29. Bxf5 {[%emt 0:00:04]} Bxf5 {[%emt 0:00:09]} 30. Rxf5 {[%emt 0:00:03]} Nd7 {[%emt 0:00:44]} 31. Raf1 {[%emt 0:00:16]} Rf8 {[%emt 0:00:26]} 32. Rxf8 {[%emt 0:00:03]} Nxf8 {[%emt 0:00:03]} 33. Qf6+ {[%emt 0:00:02]} Kg8 {[%emt 0:00:04]} 34. Qf7+ {[%emt 0:00:01]} Kh8 {[%emt 0:00:03]} 35. Qxf8+ {[%emt 0:00:13]} Qxf8 {[%emt 0:00:01]} 36. Rxf8+ {[%emt 0:00:01]} Kg7 {[%emt 0:00:00]} 37. Rb8 {[%emt 0:00:05]} Nxd4 {[%emt 0:00:29]} 38. Nxd4 {[%emt 0:00:04]} Rh4 {[%emt 0:00:00]} 39. Rb7+ {[%emt 0:00:04] Zeit (Lag: Av=0.42s, max=0.9s)} 1-0

[Event "Stay Safe Play From Home 243"]
[Site "Emanuel Lasker Arena"]
[Date "2020.06.21"]
[Round "2"]
[White "Tvtower68"]
[Black "Klausen"]
[Result "1-0"]
[WhiteElo "1776"]
[BlackElo "1952"]
[Annotator "NA"]
[PlyCount "89"]
[EventDate "2020.06.21"]
[EventType "swiss (blitz)"]

1. e4 {[%emt 0:00:03]} e6 {[%emt 0:00:02]} 2. Nf3 {[%emt 0:00:02]} d5 {[%emt 0:00:01]} 3. e5 {[%emt 0:00:01]} c5 {[%emt 0:00:02]} 4. a3 {[%emt 0:00:01]} Nc6 {[%emt 0:00:02]} 5. b4 {[%emt 0:00:01]} f6 {[%emt 0:00:03]} 6. Bb5 {[%emt 0:00:03]} Bd7 {[%emt 0:00:07]} 7. Bxc6 {[%emt 0:00:04]} bxc6 {[%emt 0:00:03]} 8. Bb2 {[%emt 0:00:02]} cxb4 {[%emt 0:00:04]} 9. O-O {[%emt 0:00:04]} bxa3 {[%emt 0:00:04]} 10. Nxa3 {[%emt 0:00:01]} Be7 {[%emt 0:00:06]} 11. Re1 {[%emt 0:00:03]} Nh6 {[%emt 0:00:04]} 12. exf6 {[%emt 0:00:02]} Bxf6 {[%emt 0:00:02]} 13. d4 {[%emt 0:00:06]} O-O {[%emt 0:00:02]} 14. Ne5 {[%emt 0:00:02]} Bxe5 {[%emt 0:00:06]} 15. dxe5 {[%emt 0:00:08]} Nf5 {[%emt 0:00:06]} 16. c4 {[%emt 0:00:04]} Qe8 {[%emt 0:00:06]} 17. g3 {[%emt 0:00:15]} Qg6 {[%emt 0:00:03]} 18. cxd5 {[%emt 0:00:11]} cxd5 {[%emt 0:00:02]} 19. Nc4 {[%emt 0:00:01]} Rac8 {[%emt 0:00:29]} 20. Nd6 {[%emt 0:00:10]} Nxd6 {[%emt 0:00:07]} 21. exd6 {[%emt 0:00:01]} Rc2 {[%emt 0:00:02]} 22. Bd4 {[%emt 0:00:05]} Qf5 {[%emt 0:00:28]} 23. f4 {[%emt 0:00:32]} h5 {[%emt 0:00:24]} 24. Rxa7 {[%emt 0:00:02]} Rf7 {[%emt 0:00:01]} 25. Re5 {[%emt 0:00:07]} Qg6 {[%emt 0:00:15]} 26. Rxh5 {[%emt 0:00:17]} Rc1 {[%emt 0:00:40]} 27. Ra8+ {[%emt 0:00:06]} Rf8 {[%emt 0:00:05]} 28. Rxf8+ {[%emt 0:00:02]} Kxf8 {[%emt 0:00:02]} 29. Rh8+ {[%emt 0:00:01]} Kf7 {[%emt 0:00:01]} 30. Qxc1 {[%emt 0:00:02]} Qd3 {[%emt 0:00:04]} 31. Bf2 {[%emt 0:00:05]} d4 {[%emt 0:00:03]} 32. Rd8 {[%emt 0:00:06]} Bb5 {[%emt 0:00:06]} 33. d7 {[%emt 0:00:10]} Ke7 {[%emt 0:00:08]} 34. Rg8 {[%emt 0:00:11]} Kxd7 {[%emt 0:00:02]} 35. Rxg7+ {[%emt 0:00:02]} Kd6 {[%emt 0:00:03]} 36. Qc7+ {[%emt 0:00:09]} Kd5 {[%emt 0:00:01]} 37. Rd7+ {[%emt 0:00:10]} Bxd7 {[%emt 0:00:26]} 38. Qxd7+ {[%emt 0:00:01]} Ke4 {[%emt 0:00:01]} 39. Qxd4+ {[%emt 0:00:02]} Qxd4 {[%emt 0:00:02]} 40. Bxd4 {[%emt 0:00:01]} Kxd4 {[%emt 0:00:01]} 41. Kf2 {[%emt 0:00:02]} Ke4 {[%emt 0:00:02]} 42. h4 {[%emt 0:00:01]} Kf5 {[%emt 0:00:04]} 43. Kf3 {[%emt 0:00:02]} e5 {[%emt 0:00:01]} 44. g4+ {[%emt 0:00:02]} Kg6 {[%emt 0:00:01]} 45. fxe5 {[%emt 0:00:03] Klausen gibt auf (Lag: Av=0.48s, max=0.9s)} 1-0

[Event "Stay Safe Play From Home 243"]
[Site "Emanuel Lasker Arena"]
[Date "2020.06.21"]
[Round "2"]
[White "Matanant"]
[Black "Greblha"]
[Result "1-0"]
[WhiteElo "1775"]
[BlackElo "1933"]
[PlyCount "139"]
[EventDate "2020.06.21"]
[EventType "swiss (blitz)"]

1. b3 {[%emt 0:00:03]} c6 {[%emt 0:00:00]} 2. Bb2 {[%emt 0:00:01]} d5 {[%emt 0:00:00]} 3. e3 {[%emt 0:00:01]} Nf6 {[%emt 0:00:01]} 4. f4 {[%emt 0:00:01]} Bg4 {[%emt 0:00:02]} 5. Be2 {[%emt 0:00:02]} Bxe2 {[%emt 0:00:01]} 6. Qxe2 {[%emt 0:00:01]} e6 {[%emt 0:00:00]} 7. Nf3 {[%emt 0:00:01]} Be7 {[%emt 0:00:02]} 8. O-O {[%emt 0:00:01]} O-O {[%emt 0:00:00]} 9. d3 {[%emt 0:00:01]} Nbd7 {[%emt 0:00:01]} 10. e4 {[%emt 0:00:02]} Qb6+ {[%emt 0:00:06]} 11. Kh1 {[%emt 0:00:03]} dxe4 {[%emt 0:00:20]} 12. dxe4 {[%emt 0:00:02]} Rfd8 {[%emt 0:00:06]} 13. c4 {[%emt 0:00:05]} Nf8 {[%emt 0:00:11]} 14. e5 {[%emt 0:00:03]} Ng4 {[%emt 0:00:13]} 15. h3 {[%emt 0:00:14]} Ne3 {[%emt 0:00:04]} 16. Re1 {[%emt 0:00:02]} Nf5 {[%emt 0:00:01]} 17. Kh2 {[%emt 0:00:05]} Bb4 {[%emt 0:00:08]} 18. Nc3 {[%emt 0:00:05]} Nd4 {[%emt 0:00:08]} 19. Nxd4 {[%emt 0:00:04]} Qxd4 {[%emt 0:00:05]} 20. Qf3 {[%emt 0:00:28]} Ng6 {[%emt 0:00:32]} 21. g3 {[%emt 0:00:11]} Qd3 {[%emt 0:00:18]} 22. Re3 {[%emt 0:00:15]} Qc2+ {[%emt 0:00:10]} 23. Re2 {[%emt 0:00:03]} Rd3 {[%emt 0:00:10]} 24. Rxc2 {[%emt 0:00:05]} Rxf3 {[%emt 0:00:01]} 25. Kg2 {[%emt 0:00:15]} Rd3 {[%emt 0:00:02]} 26. Ne4 {[%emt 0:00:04]} Rad8 {[%emt 0:00:06]} 27. a3 {[%emt 0:00:02]} Be7 {[%emt 0:00:06]} 28. b4 {[%emt 0:00:03]} Re3 {[%emt 0:00:10]} 29. Nf2 {[%emt 0:00:02]} b6 {[%emt 0:00:08]} 30. Bc1 {[%emt 0:00:25]} Rb3 {[%emt 0:00:02]} 31. Raa2 {[%emt 0:00:07]} c5 {[%emt 0:00:01]} 32. Bd2 {[%emt 0:00:06]} Rd7 {[%emt 0:00:07]} 33. Rcb2 {[%emt 0:00:20]} Rxb2 {[%emt 0:00:02]} 34. Rxb2 {[%emt 0:00:02]} h5 {[%emt 0:00:01]} 35. Kf3 {[%emt 0:00:02]} Bf8 {[%emt 0:00:04]} 36. Ke3 {[%emt 0:00:03]} Ne7 {[%emt 0:00:02]} 37. g4 {[%emt 0:00:03]} hxg4 {[%emt 0:00:03]} 38. hxg4 {[%emt 0:00:01]} Nc6 {[%emt 0:00:00]} 39. Bc3 {[%emt 0:00:05]} Be7 {[%emt 0:00:03]} 40. Ne4 {[%emt 0:00:05]} Kf8 {[%emt 0:00:01]} 41. f5 {[%emt 0:00:01]} Ke8 {[%emt 0:00:02]} 42. f6 {[%emt 0:00:02]} gxf6 {[%emt 0:00:01]} 43. exf6 {[%emt 0:00:01]} Bf8 {[%emt 0:00:01]} 44. g5 {[%emt 0:00:00]} Nd4 {[%emt 0:00:03]} 45. Bxd4 {[%emt 0:00:02]} Rxd4 {[%emt 0:00:01]} 46. bxc5 {[%emt 0:00:06]} Bxc5 {[%emt 0:00:08]} 47. Nxc5 {[%emt 0:00:01]} bxc5 {[%emt 0:00:01]} 48. Rb8+ {[%emt 0:00:01]} Rd8 {[%emt 0:00:03]} 49. Rb7 {[%emt 0:00:00]} Rd7 {[%emt 0:00:01]} 50. Rxd7 {[%emt 0:00:06]} Kxd7 {[%emt 0:00:01]} 51. Ke4 {[%emt 0:00:00]} Kd6 {[%emt 0:00:02]} 52. a4 {[%emt 0:00:05]} a5 {[%emt 0:00:04]} 53. Kf4 {[%emt 0:00:01]} Kc6 {[%emt 0:00:05]} 54. Ke5 {[%emt 0:00:01]} Kd7 {[%emt 0:00:01]} 55. Kf4 {[%emt 0:00:04]} Kc6 {[%emt 0:00:02]} 56. Ke5 {[%emt 0:00:02]} Kd7 {[%emt 0:00:01]} 57. Ke4 {[%emt 0:00:01]} Kc6 {[%emt 0:00:01]} 58. Kf4 {[%emt 0:00:01]} Kd7 {[%emt 0:00:01]} 59. Ke4 {[%emt 0:00:01]} Kc6 {[%emt 0:00:00]} 60. g6 {[%emt 0:00:01]} fxg6 {[%emt 0:00:04]} 61. f7 {[%emt 0:00:01]} Kd7 {[%emt 0:00:00]} 62. f8=Q {[%emt 0:00:01]} Kc6 {[%emt 0:00:01]} 63. Ke5 {[%emt 0:00:01]} Kd7 {[%emt 0:00:00]} 64. Qd6+ {[%emt 0:00:02]} Kc8 {[%emt 0:00:01]} 65. Kxe6 {[%emt 0:00:01]} Kb7 {[%emt 0:00:00]} 66. Qxc5 {[%emt 0:00:01]} g5 {[%emt 0:00:01]} 67. Kd6 {[%emt 0:00:00]} g4 {[%emt 0:00:02]} 68. Qb5+ {[%emt 0:00:01]} Kc8 {[%emt 0:00:01]} 69. Qb6 {[%emt 0:00:02]} g3 {[%emt 0:00:02]} 70. Qc7# {[%emt 0:00:01] (Lag: Av=0.66s, max=1.2s)} 1-0

[Event "Stay Safe Play From Home 243"]
[Site "Emanuel Lasker Arena"]
[Date "2020.06.21"]
[Round "2"]
[White "Tunca"]
[Black "Don59as"]
[Result "0-1"]
[WhiteElo "1646"]
[BlackElo "2068"]
[Annotator "NA"]
[PlyCount "96"]
[EventDate "2020.06.21"]
[EventType "swiss (blitz)"]

1. e4 {[%emt 0:00:22]} e5 {[%emt 0:00:03]} 2. f4 {[%emt 0:00:14]} d5 {[%emt 0:00:02]} 3. exd5 {[%emt 0:00:27]} e4 {[%emt 0:00:00]} 4. Nc3 {[%emt 0:00:27]} Nf6 {[%emt 0:00:02]} 5. Bc4 {[%emt 0:00:05]} Bc5 {[%emt 0:00:01]} 6. d4 {[%emt 0:00:14]} exd3 {[%emt 0:00:02]} 7. Qxd3 {[%emt 0:00:07]} O-O {[%emt 0:00:03]} 8. Nf3 {[%emt 0:00:35]} Re8+ {[%emt 0:00:03]} 9. Ne2 {[%emt 0:00:00]} Ng4 {[%emt 0:00:18]} 10. Nfd4 {[%emt 0:00:20]} Qf6 {[%emt 0:00:20]} 11. c3 {[%emt 0:00:23]} Bxd4 {[%emt 0:00:37]} 12. cxd4 {[%emt 0:00:05]} Bf5 {[%emt 0:00:05]} 13. Qc3 {[%emt 0:00:14]} Nd7 {[%emt 0:00:17]} 14. O-O {[%emt 0:00:03]} Nb6 {[%emt 0:00:07]} 15. Bd3 {[%emt 0:00:03]} Qh4 {[%emt 0:00:04]} 16. h3 {[%emt 0:00:06]} Ne3 {[%emt 0:00:12]} 17. Bxf5 {[%emt 0:00:09]} Nxf1 {[%emt 0:00:01]} 18. Kxf1 {[%emt 0:00:01]} Nxd5 {[%emt 0:00:07]} 19. Qg3 {[%emt 0:00:02]} Qf6 {[%emt 0:00:05]} 20. Bd3 {[%emt 0:00:06]} Nb4 {[%emt 0:00:07]} 21. Bd2 {[%emt 0:00:03]} Nxd3 {[%emt 0:00:04]} 22. Qxd3 {[%emt 0:00:00]} Rad8 {[%emt 0:00:02]} 23. Kg1 {[%emt 0:00:02]} Qb6 {[%emt 0:00:07]} 24. Bc3 {[%emt 0:00:05]} c5 {[%emt 0:00:02]} 25. Kh1 {[%emt 0:00:04]} cxd4 {[%emt 0:00:01]} 26. Bxd4 {[%emt 0:00:03]} Qe6 {[%emt 0:00:02]} 27. Nc3 {[%emt 0:00:06]} b6 {[%emt 0:00:08]} 28. Rd1 {[%emt 0:00:00]} h6 {[%emt 0:00:04]} 29. Qf3 {[%emt 0:00:01]} Qc4 {[%emt 0:00:05]} 30. Be5 {[%emt 0:00:03]} Rxd1+ {[%emt 0:00:03]} 31. Qxd1 {[%emt 0:00:00]} f6 {[%emt 0:00:02]} 32. Qd7 {[%emt 0:00:10]} Rc8 {[%emt 0:00:17]} 33. Qd5+ {[%emt 0:00:02]} Qxd5 {[%emt 0:00:07]} 34. Nxd5 {[%emt 0:00:00]} Kf7 {[%emt 0:00:02]} 35. Bc3 {[%emt 0:00:03]} Ke6 {[%emt 0:00:04]} 36. Ne3 {[%emt 0:00:01]} Rd8 {[%emt 0:00:05]} 37. Kg1 {[%emt 0:00:01]} Rd3 {[%emt 0:00:01]} 38. Kf2 {[%emt 0:00:00]} g5 {[%emt 0:00:02]} 39. fxg5 {[%emt 0:00:01]} hxg5 {[%emt 0:00:00]} 40. Ke2 {[%emt 0:00:00]} Rd8 {[%emt 0:00:02]} 41. Kf3 {[%emt 0:00:01]} f5 {[%emt 0:00:02]} 42. Ke2 {[%emt 0:00:03]} f4 {[%emt 0:00:02]} 43. Ng4 {[%emt 0:00:01]} Kf5 {[%emt 0:00:02]} 44. Nf2 {[%emt 0:00:02]} Re8+ {[%emt 0:00:02]} 45. Kd2 {[%emt 0:00:00]} Re3 {[%emt 0:00:04]} 46. Nd3 {[%emt 0:00:01]} Rg3 {[%emt 0:00:01]} 47. Ne1 {[%emt 0:00:01]} Ke4 {[%emt 0:00:04]} 48. Ke2 {[%emt 0:00:01]} Re3+ {[%emt 0:00:02] Time (Lag: Av=0.60s, max=1.2s)} 0-1

[Event "Stay Safe Play From Home 243"]
[Site "Emanuel Lasker Arena"]
[Date "2020.06.21"]
[Round "3"]
[White "Don59as"]
[Black "Timbre"]
[Result "1-0"]
[WhiteElo "2070"]
[BlackElo "1672"]
[Annotator "NA"]
[PlyCount "85"]
[EventDate "2020.06.21"]
[EventType "swiss (blitz)"]

1. c4 {[%emt 0:00:02]} c6 {[%emt 0:00:02]} 2. e4 {[%emt 0:00:02]} d5 {[%emt 0:00:01]} 3. cxd5 {[%emt 0:00:00]} cxd5 {[%emt 0:00:02]} 4. e5 {[%emt 0:00:00]} Bf5 {[%emt 0:00:02]} 5. Nf3 {[%emt 0:00:01]} e6 {[%emt 0:00:01]} 6. d4 {[%emt 0:00:01]} a6 {[%emt 0:00:01]} 7. Nc3 {[%emt 0:00:00]} Nc6 {[%emt 0:00:01]} 8. Bd3 {[%emt 0:00:01]} Bg6 {[%emt 0:00:02]} 9. O-O {[%emt 0:00:02]} Bb4 {[%emt 0:00:03]} 10. Be3 {[%emt 0:00:01]} Nge7 {[%emt 0:00:02]} 11. a3 {[%emt 0:00:01]} Ba5 {[%emt 0:00:04]} 12. b4 {[%emt 0:00:02]} Bb6 {[%emt 0:00:01]} 13. Na4 {[%emt 0:00:02]} O-O {[%emt 0:00:04]} 14. Rc1 {[%emt 0:00:05]} Nf5 {[%emt 0:00:08]} 15. Qd2 {[%emt 0:00:07]} Nxe3 {[%emt 0:00:04]} 16. Qxe3 {[%emt 0:00:04]} Rc8 {[%emt 0:00:06]} 17. Nxb6 {[%emt 0:00:04]} Qxb6 {[%emt 0:00:03]} 18. Rc5 {[%emt 0:00:01]} Ne7 {[%emt 0:00:08]} 19. Rfc1 {[%emt 0:00:03]} Rxc5 {[%emt 0:00:01]} 20. dxc5 {[%emt 0:00:04]} Qc6 {[%emt 0:00:03]} 21. Nd4 {[%emt 0:00:02]} Qc8 {[%emt 0:00:09]} 22. Bxg6 {[%emt 0:00:04]} hxg6 {[%emt 0:00:02]} 23. a4 {[%emt 0:00:11]} Nc6 {[%emt 0:00:05]} 24. b5 {[%emt 0:00:07]} axb5 {[%emt 0:00:05]} 25. axb5 {[%emt 0:00:02]} Ne7 {[%emt 0:00:04]} 26. h3 {[%emt 0:00:11]} Qd8 {[%emt 0:00:05]} 27. c6 {[%emt 0:00:03]} bxc6 {[%emt 0:00:02]} 28. Nxc6 {[%emt 0:00:04]} Nxc6 {[%emt 0:00:04]} 29. bxc6 {[%emt 0:00:02]} Qc7 {[%emt 0:00:04]} 30. Qc5 {[%emt 0:00:05]} Rc8 {[%emt 0:00:02]} 31. Qd6 {[%emt 0:00:02]} Qa5 {[%emt 0:00:09]} 32. c7 {[%emt 0:00:08]} Kh7 {[%emt 0:00:04]} 33. Qd7 {[%emt 0:00:08]} Qa6 {[%emt 0:00:08]} 34. Qxf7 {[%emt 0:00:04]} d4 {[%emt 0:00:06]} 35. h4 {[%emt 0:00:15]} d3 {[%emt 0:00:02]} 36. h5 {[%emt 0:00:01]} gxh5 {[%emt 0:00:03]} 37. Qxh5+ {[%emt 0:00:01]} Kg8 {[%emt 0:00:02]} 38. Qg5 {[%emt 0:00:09]} Qa5 {[%emt 0:00:05]} 39. Qe7 {[%emt 0:00:08]} Qa6 {[%emt 0:00:20]} 40. Qd7 {[%emt 0:00:08]} Qb6 {[%emt 0:00:14]} 41. Qxd3 {[%emt 0:00:06]} Rxc7 {[%emt 0:00:02]} 42. Qd8+ {[%emt 0:00:03]} Kh7 {[%emt 0:00:02]} 43. Qxc7 {[%emt 0:00:01] Timbre resigns (Lag: Av=0.60s, max=0.8s)} 1-0

[Event "Stay Safe Play From Home 243"]
[Site "Emanuel Lasker Arena"]
[Date "2020.06.21"]
[Round "3"]
[White "Klausen"]
[Black "Dukic"]
[Result "0-1"]
[WhiteElo "1927"]
[BlackElo "1736"]
[Annotator "NA"]
[PlyCount "146"]
[EventDate "2020.06.21"]
[EventType "swiss (blitz)"]

1. d4 {[%emt 0:00:04]} Nf6 {[%emt 0:00:03]} 2. c4 {[%emt 0:00:02]} c6 {[%emt 0:00:02]} 3. Nf3 {[%emt 0:00:03]} d6 {[%emt 0:00:01]} 4. Nc3 {[%emt 0:00:02]} Bg4 {[%emt 0:00:01]} 5. Qb3 {[%emt 0:00:05]} Qc7 {[%emt 0:00:02]} 6. e3 {[%emt 0:00:11]} Nbd7 {[%emt 0:00:01]} 7. Be2 {[%emt 0:00:02]} e5 {[%emt 0:00:02]} 8. O-O {[%emt 0:00:02]} Be7 {[%emt 0:00:02]} 9. h3 {[%emt 0:00:02]} Bh5 {[%emt 0:00:01]} 10. Rd1 {[%emt 0:00:01]} O-O {[%emt 0:00:02]} 11. Qc2 {[%emt 0:00:05]} Rfe8 {[%emt 0:00:01]} 12. Nh4 {[%emt 0:00:03]} Bxe2 {[%emt 0:00:04]} 13. Nxe2 {[%emt 0:00:01]} g6 {[%emt 0:00:04]} 14. Nf3 {[%emt 0:00:03]} Bf8 {[%emt 0:00:01]} 15. Nc3 {[%emt 0:00:08]} Rac8 {[%emt 0:00:08]} 16. b3 {[%emt 0:00:02]} e4 {[%emt 0:00:03]} 17. Nd2 {[%emt 0:00:02]} d5 {[%emt 0:00:01]} 18. Bb2 {[%emt 0:00:03]} Qd6 {[%emt 0:00:06]} 19. Rac1 {[%emt 0:00:04]} Qe6 {[%emt 0:00:15]} 20. Qb1 {[%emt 0:00:07]} a6 {[%emt 0:00:06]} 21. cxd5 {[%emt 0:00:05]} cxd5 {[%emt 0:00:02]} 22. Ne2 {[%emt 0:00:02]} Qf5 {[%emt 0:00:06]} 23. Ng3 {[%emt 0:00:06]} Qg5 {[%emt 0:00:02]} 24. Rxc8 {[%emt 0:00:07]} Rxc8 {[%emt 0:00:02]} 25. Rc1 {[%emt 0:00:00]} Rb8 {[%emt 0:00:04]} 26. Ne2 {[%emt 0:00:15]} Bd6 {[%emt 0:00:03]} 27. Nf1 {[%emt 0:00:03]} h5 {[%emt 0:00:02]} 28. Qc2 {[%emt 0:00:10]} h4 {[%emt 0:00:05]} 29. Qd2 {[%emt 0:00:04]} Qf5 {[%emt 0:00:02]} 30. Qa5 {[%emt 0:00:18]} Re8 {[%emt 0:00:20]} 31. Ba3 {[%emt 0:00:03]} Bb8 {[%emt 0:00:01]} 32. Rc7 {[%emt 0:00:13]} b6 {[%emt 0:00:06]} 33. Qc3 {[%emt 0:00:02]} Bxc7 {[%emt 0:00:05]} 34. Qxc7 {[%emt 0:00:02]} g5 {[%emt 0:00:04]} 35. Nh2 {[%emt 0:00:05]} Qe6 {[%emt 0:00:13]} 36. Bd6 {[%emt 0:00:16]} Nf8 {[%emt 0:00:18]} 37. Qxb6 {[%emt 0:00:14]} Rd8 {[%emt 0:00:04]} 38. Bc5 {[%emt 0:00:04]} Qxb6 {[%emt 0:00:04]} 39. Bxb6 {[%emt 0:00:02]} Rc8 {[%emt 0:00:00]} 40. Bc5 {[%emt 0:00:02]} Ne6 {[%emt 0:00:01]} 41. b4 {[%emt 0:00:02]} a5 {[%emt 0:00:04]} 42. a3 {[%emt 0:00:02]} axb4 {[%emt 0:00:01]} 43. axb4 {[%emt 0:00:02]} Ra8 {[%emt 0:00:02]} 44. f3 {[%emt 0:00:01]} Ra3 {[%emt 0:00:07]} 45. Kf2 {[%emt 0:00:03]} Ra2 {[%emt 0:00:06]} 46. Ng4 {[%emt 0:00:09]} Nxg4+ {[%emt 0:00:03]} 47. fxg4 {[%emt 0:00:04]} f6 {[%emt 0:00:04]} 48. b5 {[%emt 0:00:06]} Rb2 {[%emt 0:00:03]} 49. b6 {[%emt 0:00:01]} Kf7 {[%emt 0:00:02]} 50. Ke1 {[%emt 0:00:03]} Ke8 {[%emt 0:00:11]} 51. Nc3 {[%emt 0:00:07]} Kd7 {[%emt 0:00:01]} 52. Nxd5 {[%emt 0:00:06]} Nxc5 {[%emt 0:00:02]} 53. dxc5 {[%emt 0:00:02]} Kc6 {[%emt 0:00:01]} 54. Nxf6 {[%emt 0:00:05]} Kxc5 {[%emt 0:00:00]} 55. Nxe4+ {[%emt 0:00:02]} Kxb6 {[%emt 0:00:05]} 56. Nxg5 {[%emt 0:00:05]} Rxg2 {[%emt 0:00:01]} 57. Kf1 {[%emt 0:00:02]} Rh2 {[%emt 0:00:02]} 58. Kg1 {[%emt 0:00:02]} Re2 {[%emt 0:00:02]} 59. Nf3 {[%emt 0:00:03]} Rxe3 {[%emt 0:00:02]} 60. Kg2 {[%emt 0:00:01]} Re2+ {[%emt 0:00:02]} 61. Kf1 {[%emt 0:00:02]} Ra2 {[%emt 0:00:05]} 62. Nxh4 {[%emt 0:00:01]} Kc5 {[%emt 0:00:01]} 63. Nf5 {[%emt 0:00:04]} Kd5 {[%emt 0:00:01]} 64. Kg1 {[%emt 0:00:02]} Ke4 {[%emt 0:00:01]} 65. h4 {[%emt 0:00:02]} Kf3 {[%emt 0:00:01]} 66. g5 {[%emt 0:00:01]} Kg4 {[%emt 0:00:04]} 67. Ne3+ {[%emt 0:00:06]} Kxh4 {[%emt 0:00:02]} 68. g6 {[%emt 0:00:01]} Ra6 {[%emt 0:00:03]} 69. Kf2 {[%emt 0:00:03]} Rxg6 {[%emt 0:00:02]} 70. Ng2+ {[%emt 0:00:00]} Kg4 {[%emt 0:00:03]} 71. Ne3+ {[%emt 0:00:01]} Kf4 {[%emt 0:00:01]} 72. Ng2+ {[%emt 0:00:01]} Ke4 {[%emt 0:00:01]} 73. Ne3 {[%emt 0:00:01]} Ra6 {[%emt 0:00:07] Zeit (Lag: Av=0.38s, max=0.7s) .} 0-1

[Event "Stay Safe Play From Home 243"]
[Site "Emanuel Lasker Arena"]
[Date "2020.06.21"]
[Round "3"]
[White "Greblha"]
[Black "Haris kollari 13"]
[Result "0-1"]
[WhiteElo "1909"]
[BlackElo "1842"]
[Annotator "NA"]
[PlyCount "82"]
[EventDate "2020.06.21"]
[EventType "swiss (blitz)"]

1. e4 {[%emt 0:00:01]} e6 {[%emt 0:00:01]} 2. d4 {[%emt 0:00:02]} d5 {[%emt 0:00:01]} 3. Nc3 {[%emt 0:00:02]} Nf6 {[%emt 0:00:01]} 4. e5 {[%emt 0:00:03]} Nfd7 {[%emt 0:00:01]} 5. f4 {[%emt 0:00:01]} c5 {[%emt 0:00:01]} 6. Nf3 {[%emt 0:00:01]} Nc6 {[%emt 0:00:01]} 7. dxc5 {[%emt 0:00:01]} Bxc5 {[%emt 0:00:02]} 8. Bd3 {[%emt 0:00:01]} a6 {[%emt 0:00:01]} 9. g3 {[%emt 0:00:09]} h6 {[%emt 0:00:01]} 10. Kf1 {[%emt 0:00:01]} b5 {[%emt 0:00:06]} 11. Kg2 {[%emt 0:00:01]} Qe7 {[%emt 0:00:05]} 12. Re1 {[%emt 0:00:04]} Bb7 {[%emt 0:00:04]} 13. a3 {[%emt 0:00:08]} O-O-O {[%emt 0:00:09]} 14. Ne2 {[%emt 0:00:01]} d4 {[%emt 0:00:13]} 15. Be4 {[%emt 0:00:05]} f5 {[%emt 0:00:13]} 16. Bd3 {[%emt 0:00:19]} g5 {[%emt 0:00:04]} 17. Kf2 {[%emt 0:00:17]} g4 {[%emt 0:00:06]} 18. Nh4 {[%emt 0:00:03]} Rdg8 {[%emt 0:00:01]} 19. Bd2 {[%emt 0:00:32]} Nf8 {[%emt 0:00:10]} 20. b4 {[%emt 0:00:17]} Bb6 {[%emt 0:00:02]} 21. Nc1 {[%emt 0:00:03]} Ng6 {[%emt 0:00:03]} 22. Nxg6 {[%emt 0:00:08]} Rxg6 {[%emt 0:00:01]} 23. Nb3 {[%emt 0:00:03]} h5 {[%emt 0:00:02]} 24. Qe2 {[%emt 0:00:07]} h4 {[%emt 0:00:02]} 25. Rh1 {[%emt 0:00:45]} Rgh6 {[%emt 0:00:02]} 26. gxh4 {[%emt 0:00:10]} Qxh4+ {[%emt 0:00:02]} 27. Kf1 {[%emt 0:00:02]} Nxe5 {[%emt 0:00:11]} 28. Qxe5 {[%emt 0:00:27]} Bxh1 {[%emt 0:00:03]} 29. Nxd4 {[%emt 0:00:08]} Qxh2 {[%emt 0:00:10]} 30. Bxf5 {[%emt 0:00:18]} exf5 {[%emt 0:00:38]} 31. Qxf5+ {[%emt 0:00:04]} Kb7 {[%emt 0:00:05]} 32. Qf7+ {[%emt 0:00:09]} Bc7 {[%emt 0:00:03]} 33. Ne6 {[%emt 0:00:10]} Qg2+ {[%emt 0:00:09]} 34. Ke1 {[%emt 0:00:01]} Qe4+ {[%emt 0:00:01]} 35. Kd1 {[%emt 0:00:03]} Qxe6 {[%emt 0:00:04]} 36. Qxe6 {[%emt 0:00:05]} Rxe6 {[%emt 0:00:02]} 37. c3 {[%emt 0:00:02]} Be4 {[%emt 0:00:01]} 38. Ke2 {[%emt 0:00:02]} Bf3+ {[%emt 0:00:02]} 39. Kd3 {[%emt 0:00:01]} Rd8+ {[%emt 0:00:08]} 40. Kc2 {[%emt 0:00:01]} Re2 {[%emt 0:00:01]} 41. Rd1 {[%emt 0:00:01]} Bxf4 {[%emt 0:00:03] Zeit (Lag: Av=0.35s, max=0.5s)} 0-1